000 00667nam a22001817a 4500
003 BUBTL
008 200122b xxu||||| |||| 00| 0 eng d
020 _a9844581257
082 _a954.925 / K112s
100 _92950
_aকবির, শাহরিয়ার
245 _aশেখ মুজিব ও মুক্তিযুদ্ধের চেতনা /
_cশাহরিয়ার কবির
260 _aঢাকা :
_bসময় প্রকাশন,
_cc1997.
300 _a80 p. :
_c22 cm.
650 0 _91755
_aমুক্তিযুদ্ধ
856 _k0
_l0
_yDownload
942 _2ddc
_cBK
999 _c6250
_d6250